Statystyki dla Flagi państw II Wojny Światowej

Kliknij tutaj aby rozwiązać quiz!

Ogólne statystyki

  • Ten quiz został rozwiązany 1 213 razy
    (513 od ostatniego zresetowania)
  • Średni wynik to 42 z 71

Statystyki odpowiedzi

Odpowiedź% Poprawnych
Rzesza Niemiecka
99%
Rzeczpospolita Polska
95%
Republika Francuska
90%
Zjednoczone Królestwo Wielkiej Brytanii i Irlandii Północnej
90%
Związek Australijski
86%
Królestwo Nepalu
85%
Dominium Nowej Zelandii
83%
Związek Socjalistycznych Republik Radzieckich
81%
Królestwo Belgii
80%
Królestwo Norwegii
80%
Królestwo Włoch
80%
Królestwo Danii
79%
Republika Finlandii
79%
Wolne Miasto Gdańsk
79%
Cesarstwo Wielkiej Japonii
78%
Królestwo Niderlandów
78%
Królestwo Albanii
77%
Królestwo Rumunii
77%
Królestwo Węgier
77%
Wielkie Księstwo Luksemburga
75%
Carstwo Bułgarii
74%
Królestwo Grecji
74%
Stany Zjednoczone Ameryki
73%
Niepodległe Państwo Chorwackie
72%
Królestwo Jugosławii
69%
Republika Stanów Zjednoczonych Brazylii
68%
Republika Panamy
67%
Kanada
66%
Stany Zjednoczone Meksyku
66%
Republika Chińska
65%
Związek Filipin
65%
Republika Turcji
62%
Republika Kuby
61%
Włoska Republika Socjalna
61%
Królestwo Tajlandii
60%
Republika Argentyńska
59%
Rząd Tymczasowy Wolnych Indii
58%
Republika Kolumbii
57%
Republika Słowacka
57%
Królestwo Arabii Saudyjskiej
56%
Republika Chile
55%
Republika Filipińska
55%
Mongolska Republika Ludowa
54%
Republika Kostaryki
53%
Republika Peru
53%
Republika Urugwaju
53%
Republika Dominikańska
52%
Stany Zjednoczone Wenezueli
52%
Cesarstwo Etiopii
51%
Republika Ekwadoru
50%
Republika Haiti
50%
Republika Libanu
49%
Republika Liberii
48%
Związek Południowej Afryki
48%
Królestwo Kambodży
45%
Republika Paragwaju
45%
Wielonarodowe Państwo Boliwia
45%
Cesarstwo Iranu
44%
Republika Hondurasu
44%
Republika Salwadoru
40%
Republika Gwatemali
38%
Republika Nikaragui
38%
Republika Syryjska
38%
Królestwo Egiptu
36%
Cesarstwo Mandżurii
31%
Haszymidzkie Królestwo Iraku
31%
Sułtanat Maskatu i Omanu
29%
Cesarstwo Wietnamu
19%
Królestwo Luang Prabang
19%
Państwo Birma
13%
Autonomiczna Federacja Mongolska
7%

Rozkład punktacji

Percentyl według liczby udzielonych odpowiedzi

Procent ludzi z każdym wynikiem

Twoja historia wyników

Nie rozwiązałeś tego quizu od ostatniego zresetowania